Difference bases in finite Abelian groups

A subset B of a group G is called a difference basis of G if each element g ∈ G can be written as the difference g = ab−1 of some elements a, b ∈ B. The smallest cardinality |B| of a difference basis B ⊂ G is called the difference size of G and is denoted by ∆[G]. The fraction ð[G] := ∆[G]/ p |G| is...

Teljes leírás

Elmentve itt :
Bibliográfiai részletek
Szerzők: Banakh Taras
Gavrylkiv Volodymyr
Dokumentumtípus: Cikk
Megjelent: Bolyai Institute, University of Szeged Szeged 2019
Sorozat:Acta scientiarum mathematicarum 85 No. 1-2
Kulcsszavak:Matematika
Tárgyszavak:
doi:10.14232/actasm-017-586-x

Online Access:http://acta.bibl.u-szeged.hu/62136
LEADER 01602nab a2200241 i 4500
001 acta62136
005 20260219082732.0
008 190925s2019 hu o 000 eng d
022 |a 2064-8316 
024 7 |a 10.14232/actasm-017-586-x  |2 doi 
040 |a SZTE Egyetemi Kiadványok Repozitórium  |b hun 
041 |a eng 
100 1 |a Banakh Taras 
245 1 0 |a Difference bases in finite Abelian groups  |h [elektronikus dokumentum] /  |c  Banakh Taras 
260 |a Bolyai Institute, University of Szeged  |b Szeged  |c 2019 
300 |a 119-137 
490 0 |a Acta scientiarum mathematicarum  |v 85 No. 1-2 
520 3 |a A subset B of a group G is called a difference basis of G if each element g ∈ G can be written as the difference g = ab−1 of some elements a, b ∈ B. The smallest cardinality |B| of a difference basis B ⊂ G is called the difference size of G and is denoted by ∆[G]. The fraction ð[G] := ∆[G]/ p |G| is called the difference characteristic of G. Using properties of the Galois rings, we prove recursive upper bounds for the difference sizes and characteristics of finite Abelian groups. In particular, we prove that for a prime number p ≥ 11, any finite Abelian p-group G has difference characteristic ð[G] < p−1 √p−3 · supk∈N ð[Cpk ] < 2 · √p−1 √p−3 . Also we calculate the difference sizes of all Abelian groups of cardinality less than 96. 
650 4 |a Természettudományok 
650 4 |a Matematika 
695 |a Matematika 
700 0 1 |a Gavrylkiv Volodymyr  |e aut 
856 4 0 |u http://acta.bibl.u-szeged.hu/62136/1/math_085_numb_001-002_119-137.pdf  |z Dokumentum-elérés